000
00256nam a2200097Ia 4500
001
698679
005
20250826162056.0
008
250824s9999 xx 000 0 und d
245
0
_a
AMCANIN RÜYASI (ANTİK)
_c
DOSTOYEVSKİ
260
_b
ANTİK DÜNYA KLASİKLERİ
999
_c
698679
_d
698679